000 00477cam a2200181ua 4500
020 _a0-07-Y66591-5
041 _aeng
_h
082 _a697.93
_bSTO/RE
100 _aStoecker, W F .
245 _aRefrigeration and air conditioning /
_cW F Stoecker.
_hTextual Documents
250 _a2 /
_b.
260 _aSingapore :
_bMcGraw-Hill International Book Company ,
_c1985.
300 _a443 ; .
504 _a
700 1 _aJones, J W .
942 _cBK
999 _c9762
_d9762